| 000 | 00670cam a22002413a 4500 | ||
|---|---|---|---|
| 001 | 26222 | ||
| 003 | PGUSA | ||
| 005 | 20140828083550.0 | ||
| 008 | 080801s2008||||xxu|||||s|||||000 | eng d | ||
| 040 |
_aPGUSA _beng |
||
| 042 | _adc | ||
| 050 | 4 | _aBV | |
| 100 | 1 |
_aThomas, à Kempis, _d1380-1471 |
|
| 245 | 1 | 4 |
_aThe Imitation of Christ _h[electronic resource] / _cà Kempis Thomas |
| 260 |
_bProject Gutenberg, _c2008 |
||
| 506 | _aPublic domain in the USA. | ||
| 516 | _aElectronic text | ||
| 653 | _aMeditations | ||
| 700 | 1 |
_aBenham, William, _d1831-1910 |
|
| 830 | 0 |
_aProject Gutenberg _v26222 |
|
| 856 | 4 | 0 | _uhttp://www.gutenberg.org/ebooks/26222 |
| 942 | _cEB | ||
| 999 |
_c255477 _d255477 |
||